Library Banner

Pardah nasheen lady on old , illiterate & pardah-nashin lady : (Record no. 125462)

MARC details
000 -LEADER
fixed length control field 00472nam a22001457a 4500
005 - DATE AND TIME OF LATEST TRANSACTION
control field 20220119092255.0
008 - FIXED-LENGTH DATA ELEMENTS--GENERAL INFORMATION
fixed length control field 220119b ||||| |||| 00| 0 eng d
040 ## - CATALOGING SOURCE
Transcribing agency PK-LaUMT
082 ## - DEWEY DECIMAL CLASSIFICATION NUMBER
Classification number 346.0026
Item number KHU-P
100 ## - MAIN ENTRY--PERSONAL NAME
Personal name Khurram, Muhammad
245 ## - TITLE STATEMENT
Title Pardah nasheen lady on old , illiterate & pardah-nashin lady :
Remainder of title illiterate persons /
Statement of responsibility, etc by Muhammad Khurram and M. Fuwad A. Mughal
260 ## - PUBLICATION, DISTRIBUTION, ETC. (IMPRINT)
Place of publication, distribution, etc Lahore :
Name of publisher, distributor, etc Al-Shams Law Book House,
Date of publication, distribution, etc NA
300 ## - PHYSICAL DESCRIPTION
Extent 440 p.
942 ## - ADDED ENTRY ELEMENTS (KOHA)
Koha item type Books
Holdings
Withdrawn status Lost status Damaged status Home library Current library Date acquired Full call number Barcode Date last seen Price effective from Koha item type
      UMT Main Campus UMT Main Campus 2022-01-19 346.0026 KHU-P 140826 2022-01-19 2022-01-19 Books